000 01150nam a22002417a 4500
003 BD-DhSAU
005 20181202151446.0
008 150825b2016 bg ||||| |||| 00| 0 eng d
040 _aBD-DhSAU
082 _222
_a338.1
_bIs41
100 _a Islam , Md. Rezwanul
_eRegistration # 09-03558
245 _aStudy on General Banking & Credit Management system of Janata Bank limited: Study in University Grants Commission Bhaban Branch(Ugc Branch), Dhaka /
_bMS thesis
_c Islam , Md. Rezwanul
260 _aSher-e-Bangla Agricultural Uniersity :
_bDepartment of Development and poverty studies
_c2016
300 _av, 70 p. :
_bill. ;
_c30 cm.
500 _aDepartment of Development and Poverty Studies , Faculty of Agriculture, Sher-e-Bangla Agricultural University, Dhaka, Bangladesh
590 _aShofi
650 _aDevelopment & Poverty Studies
650 _aGeneral Banking & Credit Management system
650 _a Janata Bank Limited
_zUGC Branch, Dhaka
700 _aKazal , Mohammad MizanulHaque
_eSupervisor
856 _uhttp://archive.saulibrary.edu.bd:8080/xmlui/handle/123456789/1868
_yOnline Access
942 _2ddc
_cTHESIS
999 _c14117
_d14116